ARRUPE JESUIT UNIVERSITY

CORONAVIRUS -STOP THE SPREAD - CLEAN,DISINFECT,COVER
Normal view MARC view

Entry Topical Term

Number of records used in: 1

001 - CONTROL NUMBER

  • control field: 24938

003 - CONTROL NUMBER IDENTIFIER

  • control field: ARRUPE

005 - DATE AND TIME OF LATEST TRANSACTION

  • control field: 20160812105220.0

008 - FIXED-LENGTH DATA ELEMENTS

  • fixed length control field: 160812|| aca||aabn | a|a d

040 ## - CATALOGING SOURCE

  • Original cataloging agency: ARRUPE
  • Transcribing agency: ARRUPE

150 ## - HEADING--TOPICAL TERM

  • Topical term or geographic name as entry element: Literature
  • Form subdivision: Dictionaries.

670 ## - SOURCE DATA FOUND

  • Source citation: Work cat.: (ARRUPE)0: Brewer, Ebenezer Cobham, 1810-1897. 24937, Brewer's dictionary of phrase and fable /, c1970.

 

Arrupe Library. PO Box MP320 Mt Pleasant, Harare, Zimbabwe
263 242 745411|librarian@aju.ac.zw